| 000 | 00938nam a22002537a 4500 | ||
|---|---|---|---|
| 001 | 8779 | ||
| 003 | FISKH | ||
| 005 | 20251022162722.0 | ||
| 008 | 251020b cb ||||| |||| 00| 0 eng d | ||
| 020 | _a9789995000929 | ||
| 040 |
_aFISKH _bkhr _cFISKH _dFISKH |
||
| 050 | _aPZ7 | ||
| 082 | _a895 | ||
| 100 | _aKimsrun, En | ||
| 245 |
_aកំរងរឿងនិទានអប់រំ ២ / _cកែសម្រួលដោយ លោក អុិន គឹមស្រ៊ុន និង អ្នកស្រី ងួន សាកល |
||
| 260 |
_aភ្នំពេញ : _bគ្រឹះស្ថានបោះពុម្ពនិងចែកផ្សាយ _c២០០៩ . |
||
| 300 |
_a16 pages : _bcolor illustrations ; _c17 * 18 cm . |
||
| 505 | _aP | ||
| 521 | 8 |
_a650
_bLexile estimate |
|
| 521 | 8 |
_aP
_bRaz-Plus |
|
| 700 |
_aCheat, Ton _eIllustrator |
||
| 942 |
_2ddc _cKHB _n0 |
||
| 999 |
_c8779 _d8779 |
||